| 000 | 00758nam a22002057a 4500 | ||
|---|---|---|---|
| 999 |
_c18878 _d18878 |
||
| 003 | AR-CdUCM | ||
| 008 | 190515b ||||| |||| 00| 0 spa d | ||
| 040 |
_aMUNICIPALIDAD PROVINCIAL DEL CUSCO _cBIBLIOTECA MUNICIPAL DEL CUSCO |
||
| 082 |
_a237 / _bF31 |
||
| 100 |
_aFayard, Marcelo I. _939772 |
||
| 245 | _aHacia la edad de oro / | ||
| 260 |
_aBuenos Aires : _bSudamericana, |
||
| 300 |
_a414 paginas ; _bIlustraciones, _c23 cm. |
||
| 505 | _aContenido : La situación actual y su remedio -- La cuestión suprema -- Dios en la historia -- El origen del mal -- La magna carta universal... | ||
| 650 |
_aBiblia _94856 |
||
| 650 |
_aVida futura. _936766 |
||
| 650 |
_aCrítica, interpretación _939773 |
||
| 942 |
_2ddc _cLIBROS |
||
| 945 |
_awnts _d2019-05-15 |
||